La unión económica de Europa: estudios de diversos casos

Saved in:
Bibliografiske detaljer
Main Authors: Meade, James Edward (autor), Liesner, H. H (Author), Wells, S. J (Author)
Format: Bog
Sprog:spansk
Udgivet: Buenos Aires INTAL 1966
Fag:
Tags: Tilføj Tag
Ingen Tags, Vær først til at tagge denne postø!

MARC

LEADER 00000nam a2200000 a 4500
001 UCT8720
003 CL-VaPUC
008 970326e19660000AG |||||||||||||||||spa|d
082 0 4 |a 337.142  |b MEA  |2 21 
100 |a Meade, James Edward  |e autor  |9 535174 
700 0 |a Liesner, H. H  |e author  |9 380680 
700 0 |a Wells, S. J  |e author  |9 380681 
245 1 3 |a La unión económica de Europa: estudios de diversos casos 
300 |a 469 p 
942 |c BK 
945 |d 19970326 00:00:00  |a paguirre 
260 |a Buenos Aires  |b INTAL  |c 1966 
650 0 |a Mercado común   |9 378790 
650 0 |a Política comercial  |9 259070 
650 0 |a Integración regional  |9 376371 
650 0 |a Cooperación internacional  |9 255447 
650 0 |a Balanza de pagos  |9 316476 
650 0 |a Acuerdos comerciales  |9 337377 
651 0 |a Europa  |9 255156 
651 7 |a LUXEMBURGO  |2 CL-VaPUC  |9 353418 
651 0 |a Francia  |9 255157 
651 0 |a Alemania  |9 255688 
651 7 |a BELGICA  |2 CL-VaPUC  |9 315122 
651 0 |a Holanda  |9 267234 
583 |a last modification  |c 19970326 00:00:00  |k Rodrigo Vera 
999 |c 257206  |d 257204 
952 |0 0  |1 0  |4 0  |6 337_142000000000000_MEA_1966  |7 0  |8 A  |9 280487  |a BIBDER  |b BIBDER  |d 2019-11-19  |i 1815792  |o 337.142 MEA 1966  |p 1815792  |r 2023-01-25  |w 2019-11-19  |y BK  |k DER